01458cam a22003377a 4500003000500000005001700005008004100022010001000063011001000073020001500083035001000098040000900108082001400117100003700131245032100168260009900489300002300588590004100611590004200652650004300694650003300737650003200770650002800802700003100830901000700861905002600868942001000894949006500904999001700969952013400986CHAP20220329142657.0010926d2000 mx r 00110 spa d a86391 a87363 a9290664401 a97906 cCHAP04a631.4bT800aTwomlow, Stephen J.eed.911572610aImproving soil management options for women farmers in Malawi and Zimbabwe :bproceedings of a collaborators' workshop on the DFID-supported project "Will women farmers invest in improving their soil fertility management? participatory experimentation in a risky environmentc/by Stephen J. Twomlow and Bongani Ncube aBulawayo, Zimbabwe :bInternational Crops Research Institute for the Semi-Arid Tropics,c2001. a146 p. :bgráfs. aBATCH-UPDb10c20130110lUCH01h0628 aCONVERSIONb10c20130109lUCH01h134814aAgricultura sustentablezAfrica.9201814aMujer en agricultura.97935914aSuelosxFertilidad.911036714aSuelosxManejo.911042300aNcube, Bonganieed.980642 aBK aAlejandra Carrasco M. cLIBRO a631.4 T8bBCcLIBROd33724000879219eLIBROh103158i97906sb c86391d86391 00102ddc4052708GRALaBCbBCcPP_GRALd2019-12-31fLIBROl0o631.4 T8p33724000879219r2019-12-31 00:00:00w2019-12-31yLIBRO